Normal view
MARC view
- Buland Sehri, Muhammad Ashiq Elahi Mufti Muhammad Ashiq Elahi Buland Sehri Muhammad Ashiq Elahi Buland Sehri
Entry Personal Name
001 - CONTROL NUMBER
- control field: 79505
003 - CONTROL NUMBER IDENTIFIER
- control field: NUST
005 - DATE AND TIME OF LATEST TRANSACTION
- control field: 20210628210452.0
008 - FIXED-LENGTH DATA ELEMENTS
- fixed length control field: 210628|| aca||aabn | a|a d
040 ## - CATALOGING SOURCE
- Original cataloging agency: NUST
- Transcribing agency: NUST
100 ## - HEADING--PERSONAL NAME
- Personal name: Buland Sehri, Muhammad Ashiq Elahi Mufti Muhammad Ashiq Elahi Buland Sehri Muhammad Ashiq Elahi Buland Sehri
670 ## - SOURCE DATA FOUND
- Source citation: Work cat.: (NUST): Buland Sehri, Muhammad Ashiq Elahi Mufti Muhammad Ashiq Elahi Buland Sehri Muhammad Ashiq Elahi Buland Sehri, Tableeghi aur islahi mazameen, 1997
